00429nam a22001577a 450000500170000001000150001702000260003203500130005803700130007108200110008410000250009524500530012026000350017327000430020830000200025120140926151820.0 aENG-110956 a9789350486153c150.00 aEN-94488 bDBAD/PUB a480.81 aChaudhari, Pramod K. aDictionary of spelling /cby Pramod K. Chaudhari aNew DelhibPrabhat Booksc2014 a4/19, Asaf Ali RoadbNew Delhie110002 a112p.c22cm(Hb)